书目信息 |
| 题名: |
空间数据误差处理的理论与方法
|
|
| 作者: | 史文中 著 | |
| 分册: | ||
| 出版信息: | 北京 科学出版社 1998.12 |
|
| 页数: | 163页 | |
| 开本: | 32开 | |
| 丛书名: | ||
| 单 册: | ||
| 中图分类: | P236 | |
| 科图分类: | ||
| 主题词: | 空间测量--误差--数据处理 , 数据处理--误差 | |
| 电子资源: | ||
| ISBN: | 7-03-007187-5 | |
| 000 | 00623nam0 2200205 45 | |
| 001 | 0105151594 | |
| 005 | 20031219104049.6 | |
| 010 | @a7-03-007187-5@dCNY12.00 | |
| 100 | @a20010515d1998 km y0chiy0120 ea | |
| 101 | 0 | @achi |
| 105 | @aa z 000yy | |
| 200 | 1 | @a空间数据误差处理的理论与方法@AKong Jian Shu Ju Wu Cha Chu Li De Li LunYu Fang Fa@f史文中著@FShi Wen Zhong Zhu |
| 210 | @a北京@c科学出版社@d1998.12 | |
| 215 | @a163页@d32开 | |
| 606 | 0 | @a空间测量@x误差@x数据处理 |
| 606 | 0 | @a数据处理@x误差 |
| 690 | @aP236@v4 | |
| 701 | @a史文中@4著 | |
| 801 | @aCN@bTSTC@c20010515 | |
| 905 | @a213230@f3@b296910-912@dP236@e50 | |
| 空间数据误差处理的理论与方法/史文中著.-北京:科学出版社,1998.12 |
| 163页;32开 |
| ISBN 7-03-007187-5:CNY12.00 |
| ● |
| 相关链接 |
|
|
|
|
正题名:空间数据误差处理的理论与方法
索取号:P236/50
 
预约/预借
| 序号 | 登录号 | 条形码 | 馆藏地/架位号 | 状态 | 备注 |
| 1 | 0296910 | 202969109 | 第三借阅区/ [索取号:P236/50] | 在馆 | |
| 2 | 0296911 | 202969118 | 第三借阅区/ [索取号:P236/50] | 在馆 | |
| 3 | 0296912 | 202969127 | 第二样本阅览室/ [索取号:P236/50] | 在馆 |